| 000 | 00529nam a2200193Ia 4500 | ||
|---|---|---|---|
| 005 | 20250508151307.0 | ||
| 008 | 008 250505s9999 xx 000 0 eng d | ||
| 037 | _aTextual | ||
| 040 |
_aFEDL _beng _cFEDL |
||
| 041 |
_aeng _2eng |
||
| 084 |
_a370, BAL _qFEDL |
||
| 100 |
_aBallard Philip Boswood _9140114 |
||
| 245 | 0 | _aChanging school | |
| 260 |
_aLondon, UK _bUniversity of London Press Limited _c1941 |
||
| 300 | _axiv,332p | ||
| 650 | _aEducation | ||
| 942 |
_cTEXL _h370, BAL |
||
| 999 |
_c1328889 _d1328889 |
||